[Event "XI Corsicoscacchi FIDE"]
[Site "Corsico ITA"]
[Date "1996.04.??"]
[Round "3"]
[White "Barberi, Alessandro"]
[Black "Cebalo, Miso"]
[Result "0-1"]
[WhiteElo "2220"]
[BlackElo "2495"]
[PlyCount "62"]
[EventDate "1996.04.24"]

1. d4 Nf6 2. c4 e6 3. Nf3 c5 4. d5 exd5 5. cxd5 d6 6. Nc3 g6 7. e4 a6 8. a4 Bg4
9. Be2 Bxf3 10. Bxf3 Nbd7 11. O-O Bg7 12. Bf4 Qe7 13. Qc2 O-O 14. Rfe1 Ne8 15.
Bg3 Nc7 16. Be2 h5 17. h3 Rfe8 18. Bf1 Rab8 19. a5 b5 20. axb6 Rxb6 21. Ra5 Bd4
22. Kh1 Qf6 23. Ra3 h4 24. Na4 hxg3 25. Nxb6 gxf2 26. Rea1 Nxb6 27. Rf3 Qe5 28.
Bd3 c4 29. Rf1 Nb5 30. Bxc4 Nxc4 31. Qxc4 Qxe4 0-1

[Event "XI Corsicoscacchi FIDE"]
[Site "Corsico ITA"]
[Date "1996.04.??"]
[Round "3"]
[White "Benvenuti, Carlo"]
[Black "Tencati, Giuseppe"]
[Result "1-0"]
[WhiteElo "2200"]
[BlackElo "2080"]
[PlyCount "77"]
[EventDate "1996.04.24"]

1. Nf3 Nf6 2. b3 d5 3. Bb2 Bf5 4. e3 e6 5. Be2 Bd6 6. d3 O-O 7. Nbd2 Nbd7 8.
O-O e5 9. Nh4 Be6 10. g3 Bh3 11. Re1 Re8 12. e4 dxe4 13. dxe4 Nc5 14. Bf3 Qd7
15. Ng2 Qc6 16. Nf4 Be6 17. Nxe6 Nxe6 18. Nc4 Rad8 19. Qe2 Nd7 20. Rad1 Bb4 21.
Rf1 f6 22. a3 Bc5 23. c3 b5 24. Na5 Qb6 25. b4 Be7 26. Bc1 c6 27. Bg4 Ndf8 28.
Qa2 c5 29. Be3 Kh8 30. Rd5 Qc7 31. Rfd1 a6 32. Qd2 c4 33. h4 Rxd5 34. exd5 Ra8
35. Qe2 Nc5 36. bxc5 Bxc5 37. Bxc5 Qxa5 38. Bd7 Rd8 39. d6 1-0

[Event "XI Corsicoscacchi FIDE"]
[Site "Corsico ITA"]
[Date "1996.04.??"]
[Round "3"]
[White "Braunberger, Federico"]
[Black "Mordiglia, Riccardo"]
[Result "1/2-1/2"]
[WhiteElo "2120"]
[BlackElo "2085"]
[PlyCount "146"]
[EventDate "1996.04.24"]

1. d4 d6 2. Nf3 Bg4 3. e4 Nd7 4. Be2 e5 5. c3 Be7 6. Qb3 Rb8 7. dxe5 Nc5 8. Qc2
Bxf3 9. Bxf3 dxe5 10. O-O Qd3 11. Na3 Nf6 12. b4 Qxc2 13. Nxc2 Na4 14. c4 O-O
15. Be3 Nb2 16. c5 h6 17. Rab1 Nc4 18. Rfd1 Rfd8 19. Kf1 c6 20. Ke2 Kf8 21.
Rxd8+ Rxd8 22. Bc1 Ke8 23. Rb3 b5 24. Rd3 Rxd3 25. Kxd3 Kd7 26. g3 Kc7 27. h4
Kd8 28. Bd1 Nd7 29. Kc3 Nf6 30. Kd3 Nd7 31. Na3 Nxa3 32. Bxa3 a5 33. bxa5 Bxc5
34. Bxc5 Nxc5+ 35. Ke3 Kc7 36. f4 f6 37. fxe5 fxe5 38. Kf3 Kb7 39. Bc2 h5 40.
g4 g6 41. gxh5 gxh5 42. Ke3 Nd7 43. a4 Ka6 44. axb5+ cxb5 45. Kd3 Kxa5 46. Kc3
Nc5 47. Kb2 Kb4 48. Bd1 Nd3+ 49. Kb1 Nf4 50. Kb2 Kc4 51. Bc2 Ne2 52. Bb3+ Kd4
53. Bf7 Nf4 54. Be8 Kxe4 55. Bxb5 Kf3 56. Kc2 Kg4 57. Kd2 Kxh4 58. Ke3 Kg5 59.
Bc6 Ne6 60. Bf3 Nc5 61. Bg2 Ne6 62. Ke4 Kf6 63. Kf3 Ng5+ 64. Kg3 Kf5 65. Kh4
Kf4 66. Kxh5 Nf3 67. Bf1 e4 68. Kg6 e3 69. Kf6 Kg3 70. Kf5 Nd2 71. Ba6 Kf3 72.
Ke5 e2 73. Bxe2+ Kxe2 1/2-1/2

[Event "XI Corsicoscacchi FIDE"]
[Site "Corsico ITA"]
[Date "1996.04.??"]
[Round "3"]
[White "Caselli, Luigi"]
[Black "Spinelli, Doriano"]
[Result "1/2-1/2"]
[WhiteElo "2325"]
[BlackElo "2170"]
[PlyCount "41"]
[EventDate "1996.04.24"]

1. d4 d5 2. Bg5 f6 3. Bh4 Nc6 4. Nf3 Bf5 5. c3 Qd7 6. Bg3 g5 7. h3 e6 8. e3
Nge7 9. Bd3 h5 10. h4 g4 11. Ng1 e5 12. Ne2 Bg7 13. Bc2 O-O-O 14. Nd2 Rhe8 15.
Nb3 b6 16. Bxf5 Qxf5 17. Qb1 a5 18. a4 Bh6 19. Qxf5+ Nxf5 20. O-O Kb7 21. Kh2
1/2-1/2

[Event "XI Corsicoscacchi FIDE"]
[Site "Corsico ITA"]
[Date "1996.04.??"]
[Round "3"]
[White "Mione, Dario"]
[Black "Cappello, Guido"]
[Result "1-0"]
[WhiteElo "2086"]
[BlackElo "2195"]
[PlyCount "79"]
[EventDate "1996.04.24"]

1. e4 e5 2. Nf3 Nc6 3. Bc4 Nf6 4. d3 Qe7 5. O-O Na5 6. Nc3 c6 7. a3 Nxc4 8.
dxc4 d6 9. b4 Be6 10. Qd3 Nd7 11. Be3 Nb6 12. Nd2 Qd7 13. a4 Be7 14. a5 Nc8 15.
Rfd1 O-O 16. Nf3 Qc7 17. Ng5 h6 18. Nxe6 fxe6 19. b5 c5 20. Qe2 Bg5 21. Bxg5
hxg5 22. Qh5 Qf7 23. Qxf7+ Rxf7 24. Rd3 Rf4 25. h3 Kh7 26. g3 Rf7 27. Na4 Kg6
28. Kg2 Kf6 29. Rad1 Ke7 30. Nc3 Kd7 31. Ne2 Kc7 32. Ng1 Rf6 33. Nf3 Rg6 34. g4
a6 35. Nxe5 Rf6 36. Nf3 Rf4 37. b6+ Kc6 38. Nxg5 d5 39. Nxe6 dxc4 40. Ra3 1-0

[Event "XI Corsicoscacchi FIDE"]
[Site "Corsico ITA"]
[Date "1996.04.??"]
[Round "3"]
[White "Natalucci, Fabrizio"]
[Black "Caruso, Daniele"]
[Result "1-0"]
[WhiteElo "2220"]
[BlackElo "2145"]
[PlyCount "77"]
[EventDate "1996.04.24"]

1. d4 Nf6 2. Nf3 g6 3. c4 Bg7 4. g3 O-O 5. Bg2 d6 6. Nc3 Nbd7 7. O-O e5 8. h3
c6 9. e4 Qb6 10. c5 dxc5 11. dxe5 Ne8 12. Na4 Qb4 13. Be3 b6 14. Re1 Nxe5 15.
Nxe5 Bxe5 16. Bf1 c4 17. Qc2 b5 18. Nc3 Nc7 19. a4 a6 20. f4 Bg7 21. Bg2 Bb7
22. Red1 Qe7 23. Rd2 Rfd8 24. Rad1 Rxd2 25. Rxd2 Rd8 26. Bb6 Rxd2 27. Qxd2 Ne6
28. e5 Nc5 29. Qd4 Bf8 30. Kh2 Nd7 31. Ne4 c5 32. Qxd7 Bxe4 33. Qxe7 Bxe7 34.
Bxe4 b4 35. Kg2 c3 36. bxc3 bxc3 37. Ba5 Kf8 38. Bxc3 Ke8 39. Bb7 1-0

[Event "XI Corsicoscacchi FIDE"]
[Site "Corsico ITA"]
[Date "1996.04.??"]
[Round "3"]
[White "Piantoni, Roberto"]
[Black "D'Amore, Emanuele"]
[Result "1/2-1/2"]
[WhiteElo "2170"]
[BlackElo "2220"]
[PlyCount "38"]
[EventDate "1996.04.24"]

1. d4 c5 2. e3 e6 3. Nf3 Nf6 4. Bd3 d5 5. c3 Nc6 6. Nbd2 Bd6 7. O-O O-O 8. dxc5
Bxc5 9. e4 dxe4 10. Nxe4 Be7 11. Qe2 Qc7 12. Re1 Rd8 13. Bg5 Nh5 14. g3 h6 15.
Bxe7 Qxe7 16. Rad1 Bd7 17. Nd6 Be8 18. Nc4 Nf6 19. Nce5 Qc7 1/2-1/2

[Event "XI Corsicoscacchi FIDE"]
[Site "Corsico ITA"]
[Date "1996.04.??"]
[Round "3"]
[White "Vicari, Luigi"]
[Black "Astengo, Corrado"]
[Result "0-1"]
[WhiteElo "2155"]
[BlackElo "2130"]
[PlyCount "120"]
[EventDate "1996.04.24"]

1. e4 c5 2. b3 d6 3. Bb2 Nf6 4. Bb5+ Nc6 5. d3 g6 6. Nd2 Bg7 7. Ne2 e5 8. O-O
O-O 9. Bxc6 bxc6 10. Ng3 Qe7 11. Qe2 Be6 12. Rae1 Rae8 13. f4 exf4 14. Rxf4
Nxe4 15. Bxg7 Nxg3 16. Qe3 Kxg7 17. Qxg3 Qd7 18. Ne4 Bf5 19. Rxf5 Qxf5 20. Qxd6
Re6 21. Qc7 Qe5 22. Qxe5+ Rxe5 23. Kf2 f5 24. Nd6 Rxe1 25. Kxe1 Kf6 26. Nb7
Re8+ 27. Kf2 Ke5 28. Nxc5 Kd4 29. Na4 g5 30. h3 h5 31. g3 g4 32. hxg4 hxg4 33.
a3 Rh8 34. Kg2 Rh7 35. b4 Rh8 36. Nc5 Kc3 37. Nb3 Rh6 38. Kg1 Rd6 39. Na5 Kxc2
40. Nc4 Rxd3 41. Kf2 Kb3 42. Na5+ Kxa3 43. Nxc6 a6 44. Kg2 Ka4 45. Ne7 Rf3 46.
Nd5 Kb5 47. Nc7+ Kb6 48. Nd5+ Kc6 49. Ne7+ Kd6 50. Nc8+ Ke5 51. Na7 Rb3 52. Kf2
Ke4 53. Nc6 Rb2+ 54. Kf1 Rd2 55. Ke1 Rd6 56. Na5 Kf3 57. Nb7 Re6+ 58. Kd1 Kxg3
59. Nc5 Rd6+ 60. Ke2 Rb6 0-1

[Event "XI Corsicoscacchi FIDE"]
[Site "Corsico ITA"]
[Date "1996.04.??"]
[Round "3"]
[White "Vismara, Daniele"]
[Black "Barlocco, Carlo"]
[Result "0-1"]
[WhiteElo "2235"]
[BlackElo "2170"]
[PlyCount "80"]
[EventDate "1996.04.24"]

1. e4 c5 2. c3 e6 3. d4 d5 4. e5 Nc6 5. Nf3 Bd7 6. Be3 f6 7. exf6 Nxf6 8. dxc5
Ne4 9. Nbd2 Nxc5 10. b4 Ne4 11. Nxe4 dxe4 12. Nd2 a5 13. b5 Ne7 14. Nxe4 Nd5
15. Bd4 Qh4 16. Qe2 Be7 17. Bxg7 Rg8 18. g3 Nf4 19. gxh4 Nxe2 20. Be5 Rg1 21.
Rxg1 Nxg1 22. Nd2 O-O-O 23. a4 Be8 24. Bg2 Bh5 25. Nb3 Nf3+ 26. Bxf3 Bxf3 27.
Nxa5 Rd5 28. Bg3 Bf6 29. Rc1 Rd3 30. Nc4 Bxc3+ 31. Kf1 Rd1+ 32. Rxd1 Bxd1 33.
a5 Kd8 34. Kg2 Bb3 35. Nd6 Bd5+ 36. Kh3 Bxa5 37. Kg4 Ke7 38. Kh5 Bd2 39. Nc8+
Kf7 40. Nb6 Bf3# 0-1

[Event "XI Corsicoscacchi FIDE"]
[Site "Corsico ITA"]
[Date "1996.04.??"]
[Round "4"]
[White "Astengo, Corrado"]
[Black "Barlocco, Carlo"]
[Result "0-1"]
[WhiteElo "2130"]
[BlackElo "2170"]
[PlyCount "90"]
[EventDate "1996.04.24"]

1. d4 d5 2. c4 c6 3. Nf3 Nf6 4. Nc3 a6 5. cxd5 cxd5 6. Bf4 e6 7. a3 Nc6 8. e3
Be7 9. h3 O-O 10. Rc1 Bd7 11. Bd3 Nh5 12. Bh2 f5 13. Ne5 Nf6 14. O-O Rc8 15.
Qe2 Ne4 16. f3 Nxe5 17. Bxe5 Nxc3 18. Rxc3 Rxc3 19. bxc3 Bxa3 20. e4 fxe4 21.
fxe4 Rxf1+ 22. Kxf1 Qg5 23. Qc2 Qc1+ 24. Qxc1 Bxc1 25. Bc7 Ba4 26. exd5 exd5
27. Bf5 Kf7 28. Bc8 Bc6 29. Ke2 Bg5 30. Kd3 Ke8 31. g3 Bd8 32. Be5 g6 33. c4 a5
34. Be6 dxc4+ 35. Kxc4 Be7 36. d5 b5+ 37. Kd4 Bd7 38. Bg8 Bxh3 39. d6 Bd8 40.
Kc5 Bd7 41. Bd5 h5 42. Be4 Kf7 43. Bc6 Bxc6 44. Kxc6 Ke6 45. Bd4 b4 0-1

[Event "XI Corsicoscacchi FIDE"]
[Site "Corsico ITA"]
[Date "1996.04.??"]
[Round "4"]
[White "Caruso, Daniele"]
[Black "Vicari, Luigi"]
[Result "1-0"]
[WhiteElo "2145"]
[BlackElo "2155"]
[PlyCount "67"]
[EventDate "1996.04.24"]

1. e4 e5 2. Nf3 d6 3. d4 Nd7 4. Bc4 c6 5. O-O Be7 6. a4 Ngf6 7. dxe5 dxe5 8.
Qe2 O-O 9. Rd1 Qc7 10. Bg5 Nc5 11. Nbd2 Be6 12. b4 Bxc4 13. Qxc4 Nxa4 14. Qb3
b5 15. Nh4 Ne8 16. Bxe7 Qxe7 17. Nf5 Qf6 18. Nf3 g6 19. Nh6+ Kg7 20. Ng4 Qe6
21. Qxe6 fxe6 22. Nfxe5 Nb6 23. Nxc6 Rf7 24. Nd4 Nc7 25. Ne5 Rff8 26. Ndc6 a6
27. Rd6 Rae8 28. Rad1 Nba8 29. Rd7+ Kg8 30. R1d3 Rf6 31. Ng4 Rff8 32. Rh3 h5
33. Nge5 Rf6 34. Ne7+ 1-0

[Event "XI Corsicoscacchi FIDE"]
[Site "Corsico ITA"]
[Date "1996.04.??"]
[Round "4"]
[White "Mordiglia, Riccardo"]
[Black "Cazzaniga, Walter"]
[Result "0-1"]
[WhiteElo "2085"]
[BlackElo "2190"]
[PlyCount "102"]
[EventDate "1996.04.24"]

1. e4 e6 2. d4 d5 3. e5 c5 4. c3 Nc6 5. Nf3 Nh6 6. Be2 cxd4 7. cxd4 Nf5 8. Nc3
Qb6 9. Na4 Qa5+ 10. Bd2 Bb4 11. Bc3 a6 12. O-O b5 13. Nc5 Bxc3 14. Nb3 Qc7 15.
bxc3 O-O 16. Rc1 f6 17. Re1 fxe5 18. dxe5 Nxe5 19. Nxe5 Qxe5 20. Bxb5 Qf6 21.
Bf1 Ra7 22. Nd4 Nd6 23. Nf3 Rc7 24. Qd4 Nc4 25. Bd3 a5 26. Ne5 Ba6 27. Nf3 Bc8
28. Ne5 Ba6 29. Nf3 a4 30. Re2 Bc8 31. Ne5 Nxe5 32. Rxe5 Qf4 33. Ree1 Bd7 34.
Qxf4 Rxf4 35. Re2 Rf8 36. a3 Rfc8 37. Rec2 Rc5 38. Kf1 g6 39. f4 Kf7 40. Ke2
Rb8 41. c4 d4 42. Kd2 Bc6 43. g3 Rb3 44. Ra2 h6 45. Kc2 g5 46. Rb1 Rc3+ 47. Kd2
gxf4 48. gxf4 Rh5 49. Rb4 Rxh2+ 50. Be2 Re3 51. Kd1 d3 0-1

[Event "XI Corsicoscacchi FIDE"]
[Site "Corsico ITA"]
[Date "1996.04.??"]
[Round "4"]
[White "Natalucci, Fabrizio"]
[Black "Sbarra, Marco"]
[Result "1/2-1/2"]
[WhiteElo "2220"]
[BlackElo "2280"]
[PlyCount "83"]
[EventDate "1996.04.24"]

1. d4 Nf6 2. Nf3 c6 3. c4 d5 4. Nc3 Qb6 5. g3 Bf5 6. Bg2 e6 7. O-O Nbd7 8. b3
Be7 9. Nh4 Bg6 10. Nxg6 hxg6 11. e4 dxe4 12. Nxe4 Nxe4 13. Bxe4 Rd8 14. Be3 c5
15. d5 exd5 16. cxd5 Kf8 17. Rc1 Nf6 18. Bf3 Nxd5 19. Bxd5 Rh5 20. b4 Rdxd5 21.
Qf3 Qc6 22. Rfd1 Rxd1+ 23. Qxd1 Rd5 24. Qb3 b6 25. Qa3 Qc7 26. bxc5 Bxc5 27.
Bxc5+ bxc5 28. h4 Kg8 29. Re1 Rd8 30. Kh2 c4 31. Re7 Qb6 32. Qxa7 Qxa7 33. Rxa7
Rc8 34. Re7 c3 35. Re1 Ra8 36. Rc1 Rxa2 37. Kg2 c2 38. Kf3 Kh7 39. Ke2 Kh6 40.
Kd2 g5 41. hxg5+ Kxg5 42. Rxc2 1/2-1/2

[Event "XI Corsicoscacchi FIDE"]
[Site "Corsico ITA"]
[Date "1996.04.??"]
[Round "4"]
[White "Rossi, Giampiero"]
[Black "Caselli, Luigi"]
[Result "0-1"]
[WhiteElo "2130"]
[BlackElo "2325"]
[PlyCount "90"]
[EventDate "1996.04.24"]

1. d4 d5 2. c4 e6 3. Nc3 Be7 4. Nf3 Nf6 5. Bg5 O-O 6. e3 h6 7. Bh4 b6 8. Rc1
Bb7 9. Bxf6 Bxf6 10. cxd5 exd5 11. Bd3 c5 12. O-O Nd7 13. Re1 Re8 14. Bb5 Re7
15. Qa4 a6 16. Bxd7 Rxd7 17. Ne2 Rc8 18. Qa3 Qf8 19. Qb3 Qd6 20. Red1 c4 21.
Qc3 Re8 22. Ng3 g6 23. Re1 b5 24. a3 Rde7 25. Rcd1 h5 26. Nf1 Bc8 27. Ra1 Bf5
28. Rec1 g5 29. N3d2 Bd3 30. b4 h4 31. Nb1 Kg7 32. Qb2 Bxf1 33. Rxf1 h3 34. g3
Qe6 35. Nd2 Rc7 36. Rac1 g4 37. Rc3 Bg5 38. Rfc1 f5 39. Qc2 Rb8 40. Qd1 Ra7 41.
Rb1 a5 42. a4 Be7 43. bxa5 b4 44. Rcc1 Rxa5 45. Qe2 Rxa4 0-1

[Event "XI Corsicoscacchi FIDE"]
[Site "Corsico ITA"]
[Date "1996.04.??"]
[Round "4"]
[White "Spinelli, Doriano"]
[Black "Piantoni, Roberto"]
[Result "1-0"]
[WhiteElo "2170"]
[BlackElo "2170"]
[PlyCount "76"]
[EventDate "1996.04.24"]

1. e4 e6 2. b3 d5 3. Bb2 Nf6 4. Nc3 d4 5. Nce2 c5 6. Ng3 Nc6 7. Nf3 Be7 8. Bb5
O-O 9. Bxc6 bxc6 10. d3 Qc7 11. O-O Bd6 12. Bc1 Bf4 13. Ba3 Qa5 14. Bb2 Qc7 15.
Ne2 Bh6 16. Bc1 Bxc1 17. Qxc1 e5 18. Ng3 Ne8 19. Nh4 f6 20. a4 a5 21. h3 Ra7
22. Qa3 Qb6 23. Nf3 Nd6 24. Rae1 Be6 25. Nd2 Nf7 26. Nh5 Nh8 27. f4 Bf7 28. Ng3
exf4 29. Rxf4 Ng6 30. Rf2 Qb4 31. Qc1 Ne5 32. Nf3 Re7 33. Nf5 Nxf3+ 34. Rxf3
Re5 35. Ref1 c4 36. bxc4 Qxa4 37. Qf4 c5 38. Rg3 Bg6 1-0

[Event "XI Corsicoscacchi FIDE"]
[Site "Corsico ITA"]
[Date "1996.04.??"]
[Round "4"]
[White "Ubezio, Marco"]
[Black "Benvenuti, Carlo"]
[Result "1-0"]
[WhiteElo "2190"]
[BlackElo "2200"]
[PlyCount "29"]
[EventDate "1996.04.24"]

1. d4 d6 2. e4 Nf6 3. Nc3 c6 4. f4 Qa5 5. Bd2 e5 6. Nf3 Bg4 7. Nd5 Qd8 8. Nxf6+
Qxf6 9. dxe5 dxe5 10. fxe5 Qg6 11. Bd3 Nd7 12. Qe2 Nxe5 13. Nxe5 Bxe2 14. Nxg6
Bxd3 15. Nxh8 1-0

[Event "XI Corsicoscacchi FIDE"]
[Site "Corsico ITA"]
[Date "1996.04.??"]
[Round "4"]
[White "Vismara, Daniele"]
[Black "Mione, Dario"]
[Result "1/2-1/2"]
[WhiteElo "2235"]
[BlackElo "2086"]
[PlyCount "90"]
[EventDate "1996.04.24"]

1. e4 c5 2. c3 e6 3. d4 d5 4. e5 Nc6 5. Nf3 Bd7 6. Be3 Qb6 7. Qd2 f6 8. exf6
Nxf6 9. Bd3 Bd6 10. dxc5 Bxc5 11. Bxc5 Qxc5 12. O-O O-O 13. Re1 a5 14. Na3 Rae8
15. Qe3 Qxe3 16. Rxe3 e5 17. Bb5 e4 18. Ne1 Ne5 19. h3 Bxb5 20. Nxb5 Nc4 21.
Re2 e3 22. b3 exf2+ 23. Rxf2 Ne3 24. Nc2 Nxc2 25. Rxc2 Re7 26. Rd1 Rfe8 27. Nd6
Rd8 28. Nf5 Re5 29. Nd4 Rc8 30. a4 Rce8 31. Kf1 Ne4 32. Rd3 Nc5 33. Rd1 Ne4 34.
Nf3 Rf5 35. Kg1 Nc5 36. Rcd2 Nxb3 37. Rxd5 Rxd5 38. Rxd5 Rc8 39. Ne5 h6 40. Rb5
Rxc3 41. Rxb7 Nc5 42. Rb8+ Kh7 43. h4 h5 44. Ra8 Nxa4 45. Rxa5 Rc5 1/2-1/2

[Event "XI Corsicoscacchi FIDE"]
[Site "Corsico ITA"]
[Date "1996.04.??"]
[Round "5"]
[White "Astengo, Corrado"]
[Black "Natalucci, Fabrizio"]
[Result "0-1"]
[WhiteElo "2130"]
[BlackElo "2220"]
[PlyCount "48"]
[EventDate "1996.04.24"]

1. d4 f5 2. Nc3 Nf6 3. Bg5 d5 4. e3 e6 5. Bd3 Be7 6. Nge2 O-O 7. Nf4 c6 8. Qe2
Ne4 9. Bxe7 Qxe7 10. Bxe4 fxe4 11. Qd2 Nd7 12. O-O e5 13. Nfe2 Qg5 14. Rad1 Rf6
15. Ng3 Rh6 16. f4 Qh4 17. dxe5 Qxh2+ 18. Kf2 Nxe5 19. fxe5 Bh3 20. Nce2 Bxg2
21. Rg1 Bf3+ 22. Ke1 Rg6 23. Kf1 Bxe2+ 24. Qxe2 Rf8+ 0-1

[Event "XI Corsicoscacchi FIDE"]
[Site "Corsico ITA"]
[Date "1996.04.??"]
[Round "5"]
[White "Barlocco, Carlo"]
[Black "Braunberger, Federico"]
[Result "1-0"]
[WhiteElo "2170"]
[BlackElo "2120"]
[PlyCount "105"]
[EventDate "1996.04.24"]

1. d4 e6 2. Bf4 c5 3. c3 cxd4 4. cxd4 Nc6 5. e3 Bb4+ 6. Nc3 Qa5 7. Qc2 Nf6 8.
a3 Nd5 9. Nge2 b6 10. O-O-O Bxc3 11. Nxc3 Nxc3 12. Qxc3 Qxc3+ 13. bxc3 Bb7 14.
Kb2 Na5 15. Rc1 O-O 16. f3 d5 17. c4 dxc4 18. Bxc4 Nxc4+ 19. Rxc4 Rfc8 20. Rhc1
Rxc4 21. Rxc4 Rc8 22. Rxc8+ Bxc8 23. Kc3 b5 24. Kb4 Bd7 25. Bd6 f5 26. Ka5 Kf7
27. Ka6 g5 28. Kxa7 g4 29. fxg4 fxg4 30. Kb6 Kf6 31. e4 h5 32. Bg3 Ke7 33. Kc7
Be8 34. Bh4+ Kf8 35. d5 exd5 36. exd5 Kf7 37. Bd8 b4 38. axb4 Ba4 39. Bh4 Ke8
40. Kd6 Kf7 41. Kc5 Ke8 42. b5 Kd7 43. b6 Kc8 44. Kd6 Bb3 45. Bf2 Kb7 46. Ke5
Bc4 47. Bc5 Bb3 48. d6 Kc8 49. Kf6 Bd5 50. Ke7 Bc6 51. g3 Bb5 52. b7+ Kxb7 53.
d7 1-0

[Event "XI Corsicoscacchi FIDE"]
[Site "Corsico ITA"]
[Date "1996.04.??"]
[Round "5"]
[White "Caselli, Luigi"]
[Black "Mordiglia, Riccardo"]
[Result "1/2-1/2"]
[WhiteElo "2325"]
[BlackElo "2085"]
[PlyCount "93"]
[EventDate "1996.04.24"]

1. d4 d6 2. e4 e5 3. dxe5 dxe5 4. Qxd8+ Kxd8 5. Bc4 f6 6. Be3 Nd7 7. Nc3 c6 8.
O-O-O Kc7 9. g3 g5 10. f3 Ne7 11. h4 gxh4 12. Rxh4 Ng6 13. Rh5 Be7 14. Nge2
Ndf8 15. Rdh1 Bd7 16. Bf7 Be8 17. Bxe8 Rxe8 18. g4 b6 19. Ng3 Rd8 20. Nf5 Kd7
21. Ne2 Ke8 22. Neg3 Rd7 23. Nxe7 Kxe7 24. Rf5 Ke6 25. Rfh5 Rg8 26. Nf5 Nh8 27.
R5h2 Nf7 28. Rd1 Rxd1+ 29. Kxd1 Nd6 30. Nxd6 Kxd6 31. a4 Ke6 32. a5 c5 33. axb6
axb6 34. Kc1 Kd6 35. c3 Kc6 36. b3 Kc7 37. Kc2 Kc6 38. Kb1 Kc7 39. Ka2 Kc6 40.
Kb2 Kc7 41. Rh1 Kc6 42. c4 Rg6 43. Kc2 Rg8 44. b4 Rg6 45. bxc5 bxc5 46. Rh2 Rg8
47. Rh1 1/2-1/2

[Event "XI Corsicoscacchi FIDE"]
[Site "Corsico ITA"]
[Date "1996.04.??"]
[Round "5"]
[White "Cazzaniga, Walter"]
[Black "Cebalo, Miso"]
[Result "0-1"]
[WhiteElo "2190"]
[BlackElo "2495"]
[PlyCount "72"]
[EventDate "1996.04.24"]

1. d4 Nf6 2. c4 e6 3. Nf3 c5 4. d5 exd5 5. cxd5 d6 6. Nc3 g6 7. h3 Bg7 8. e4
O-O 9. Bd3 b5 10. Bxb5 Nxe4 11. Nxe4 Qa5+ 12. Nfd2 Qxb5 13. Nxd6 Qa6 14. N2c4
Rd8 15. Bf4 Nd7 16. O-O Nb6 17. Nxb6 Qxb6 18. Nxc8 Raxc8 19. Rb1 Qb4 20. Qf3 c4
21. a3 Qb6 22. b4 c3 23. Be3 Qb5 24. Bc5 Qc4 25. d6 c2 26. Rbc1 Bb2 27. Qe3
Bxc1 28. Rxc1 Qd5 29. Qe2 Qb3 30. Qe3 Qb2 31. Kh2 Qf6 32. f4 Rxd6 33. Bxd6 Qxd6
34. h4 h5 35. g3 Qd1 36. Qg1 Rd8 0-1

[Event "XI Corsicoscacchi FIDE"]
[Site "Corsico ITA"]
[Date "1996.04.??"]
[Round "5"]
[White "Mione, Dario"]
[Black "Barberi, Alessandro"]
[Result "1-0"]
[WhiteElo "2086"]
[BlackElo "2220"]
[PlyCount "53"]
[EventDate "1996.04.24"]

1. e4 c5 2. b4 cxb4 3. d4 e6 4. Bd3 Nc6 5. Ne2 d6 6. O-O Be7 7. Bb2 Nf6 8. f4
O-O 9. Ng3 Qb6 10. e5 dxe5 11. fxe5 Nxe5 12. Be2 Bd7 13. Kh1 Ng6 14. Nd2 Bb5
15. Nc4 Qa6 16. Ne3 Rfd8 17. Bxb5 Qxb5 18. Qf3 a5 19. Rad1 Rac8 20. Rd2 Qc6 21.
Qf2 Rc7 22. Nh5 Nxh5 23. Qxf7+ Kh8 24. d5 exd5 25. Nxd5 Rf8 26. Nxe7 Nf6 27.
Nxg6+ 1-0

[Event "XI Corsicoscacchi FIDE"]
[Site "Corsico ITA"]
[Date "1996.04.??"]
[Round "5"]
[White "Piantoni, Roberto"]
[Black "Vismara, Daniele"]
[Result "1-0"]
[WhiteElo "2170"]
[BlackElo "2235"]
[PlyCount "84"]
[EventDate "1996.04.24"]

1. d4 Nf6 2. Nf3 g6 3. e3 Bg7 4. Be2 d6 5. O-O O-O 6. c4 Nbd7 7. Nc3 e5 8. Qc2
c6 9. b4 Qc7 10. a4 Re8 11. Ba3 Nf8 12. Rfc1 Bf5 13. Qb3 e4 14. Nd2 h5 15. b5
h4 16. Rab1 Rab8 17. a5 Nh5 18. b6 axb6 19. Qxb6 Qe7 20. a6 bxa6 21. Qxc6 Rbd8
22. Rb7 Bd7 23. Qb6 f5 24. Bxd6 Qg5 25. Nd5 Ne6 26. Bxh5 h3 27. g3 Qxh5 28. Re1
Ng5 29. Nf4 Nf3+ 30. Nxf3 Qxf3 31. Nxh3 Qg4 32. Nf4 g5 33. h3 Qf3 34. Ng2 f4
35. Rxd7 Rxd7 36. exf4 e3 37. Nxe3 Rb7 38. Qxa6 Rb2 39. Rf1 Bxd4 40. Be5 Rxe5
41. Qg6+ Kh8 42. Qf6+ Kg8 1-0

[Event "XI Corsicoscacchi FIDE"]
[Site "Corsico ITA"]
[Date "1996.04.??"]
[Round "5"]
[White "Rossi, Giampiero"]
[Black "Ubezio, Marco"]
[Result "1/2-1/2"]
[WhiteElo "2130"]
[BlackElo "2190"]
[PlyCount "106"]
[EventDate "1996.04.24"]

1. d4 c5 2. dxc5 e6 3. c4 Bxc5 4. Nf3 Nf6 5. Nc3 O-O 6. a3 b6 7. e3 Bb7 8. Be2
d5 9. cxd5 Nxd5 10. Nxd5 Bxd5 11. Bd2 Nd7 12. Bc3 Qc7 13. O-O Rfd8 14. Rc1 Qb7
15. Qc2 Be4 16. Qa4 a6 17. b4 b5 18. Qb3 Be7 19. Qb2 Bf6 20. Bxf6 Nxf6 21. Rfd1
Rac8 22. Ne1 Qb6 23. Rxc8 Rxc8 24. Qd4 Qxd4 25. Rxd4 Kf8 26. f3 Bc6 27. e4 Ke7
28. Kf2 Nd7 29. Ke3 e5 30. Rd2 Nb6 31. Rc2 Bd7 32. Rxc8 Bxc8 33. Nc2 Be6 34.
Kd2 Kd6 35. Ne3 g6 36. Bd3 f6 37. Bc2 Kc6 38. Kc3 Nc8 39. Bb3 Bxb3 40. Kxb3 Ne7
41. Kc3 Kd6 42. Nc2 f5 43. Ne1 Nc6 44. Nd3 Nd8 45. Kd2 f4 46. Kc3 Ne6 47. Ne1
g5 48. Nd3 h5 49. h3 Nd8 50. Kd2 Nb7 51. Kc3 Ke6 52. Kb3 Kf6 53. Kc3 Ke6
1/2-1/2

[Event "XI Corsicoscacchi FIDE"]
[Site "Corsico ITA"]
[Date "1996.04.??"]
[Round "5"]
[White "Sbarra, Marco"]
[Black "Caruso, Daniele"]
[Result "1-0"]
[WhiteElo "2280"]
[BlackElo "2145"]
[PlyCount "117"]
[EventDate "1996.04.24"]

1. d4 Nf6 2. c4 c5 3. d5 e6 4. Nc3 exd5 5. cxd5 d6 6. e4 g6 7. f4 Bg7 8. Bb5+
Nfd7 9. a4 O-O 10. Nf3 Nf6 11. O-O Bg4 12. h3 Bxf3 13. Qxf3 Nbd7 14. Bd2 Qc7
15. b3 a6 16. Bc4 Rae8 17. a5 Re7 18. Rfe1 Rfe8 19. Rad1 h6 20. e5 dxe5 21. f5
Qd6 22. fxg6 fxg6 23. Ne4 Nxe4 24. Qxe4 Rf8 25. Be2 Rf5 26. g4 Rf8 27. Bd3 Ref7
28. Qxg6 Qxg6 29. Bxg6 Rf3 30. Bf5 Rd8 31. Re3 Rf4 32. Bc3 Kf8 33. Bxd7 Rxd7
34. Bxe5 Bxe5 35. Rxe5 Rb4 36. Rd3 Rd6 37. Rde3 Rd4 38. Rf5+ Kg7 39. Re7+ Kg6
40. Rxb7 R4xd5 41. Rxd5 Rxd5 42. Rb6+ Kg5 43. Rxa6 Rd3 44. Rb6 Rxh3 45. a6 Rc3
46. a7 Rc1+ 47. Kf2 Ra1 48. Rb7 Kxg4 49. Ke3 Kf5 50. Kd3 Ke5 51. Kc4 Ra5 52.
Rh7 Kd6 53. Rxh6+ Kc7 54. Rh8 Rxa7 55. Rh7+ Kb6 56. Rxa7 Kxa7 57. Kxc5 Kb7 58.
Kb5 Ka7 59. Kc6 1-0

[Event "XI Corsicoscacchi FIDE"]
[Site "Corsico ITA"]
[Date "1996.04.??"]
[Round "5"]
[White "Spinelli, Doriano"]
[Black "D'Amore, Emanuele"]
[Result "1-0"]
[WhiteElo "2170"]
[BlackElo "2220"]
[PlyCount "31"]
[EventDate "1996.04.24"]

1. e4 e6 2. d3 d5 3. Qe2 Be7 4. Nf3 c5 5. g3 Nc6 6. Bg2 Nf6 7. O-O b6 8. e5 Nd7
9. c4 dxc4 10. dxc4 Bb7 11. Rd1 Qc7 12. Nc3 O-O-O 13. Nb5 Qb8 14. Bg5 f6 15.
exf6 gxf6 16. Bh3 1-0

[Event "XI Corsicoscacchi FIDE"]
[Site "Corsico ITA"]
[Date "1996.04.??"]
[Round "5"]
[White "Vicari, Luigi"]
[Black "Tencati, Giuseppe"]
[Result "0-1"]
[WhiteElo "2155"]
[BlackElo "2080"]
[PlyCount "140"]
[EventDate "1996.04.24"]

1. e4 e6 2. b3 d5 3. exd5 exd5 4. Bb2 Nf6 5. Nf3 Be7 6. Be2 O-O 7. O-O Bf5 8.
d4 Nbd7 9. Nc3 c6 10. Re1 Bb4 11. a3 Ba5 12. b4 Bc7 13. Bd3 Bg4 14. Be2 Re8 15.
Nd2 Bf5 16. Nf1 Ne4 17. Nxe4 Bxe4 18. Qd2 Qh4 19. Bc1 h6 20. g3 Qf6 21. Bb2 Nf8
22. c4 Ne6 23. f3 Bxf3 24. Bxf3 Qxf3 25. Re3 Qh5 26. Rae1 Red8 27. Qc3 Bb6 28.
c5 Bc7 29. Nd2 Rd7 30. Nf3 Ng5 31. Nxg5 Qxg5 32. Bc1 Qf6 33. Qd3 Rf8 34. Bb2
Qg6 35. Qe2 f6 36. Qg2 Qf7 37. Qe2 Qg6 38. Qf2 Rdf7 39. Qe2 h5 40. Re8 h4 41.
g4 f5 42. h3 fxg4 43. hxg4 Bg3 44. Rxf8+ Rxf8 45. Qe6+ Qxe6 46. Rxe6 Rf2 47.
Bc1 Kf7 48. Re3 Rc2 49. Rf3+ Kg6 50. Bf4 Bxf4 51. Rxf4 Rc3 52. Rf8 Rxa3 53. Rb8
Rg3+ 54. Kh2 Rxg4 55. Rxb7 Rxd4 56. Rxa7 Rxb4 57. Rc7 Rc4 58. Rxc6+ Kh5 59. Rc8
g5 60. c6 Kg4 61. Rd8 Rc2+ 62. Kg1 Kg3 63. Kf1 Rc1+ 64. Ke2 Rxc6 65. Rxd5 g4
66. Rd3+ Kg2 67. Rd4 Re6+ 68. Kd3 Kh3 69. Kd2 g3 70. Rd3 Kh2 0-1